|
|
|
|
| LEADER |
00856nam a2200253 4500 |
| 001 |
DLU060053023 |
| 040 |
# |
# |
|a DLU
|b vie
|
| 041 |
# |
# |
|a vie
|
| 044 |
# |
# |
|a vn
|
| 100 |
# |
# |
|a Tiểu ban tiếng Việt trong nhà trường (Hội ngôn ngữ học Tp. Hồ Chí Minh)
|
| 245 |
# |
# |
|a Ngữ pháp chức năng, cấu trúc đề - thuyết, và ngữ pháp tiếng Việt /
|c Tiểu ban tiếng Việt trong nhà trường (Hội ngôn ngữ học Tp. Hồ Chí Minh)
|
| 653 |
# |
# |
|a Ngữ pháp
|
| 773 |
# |
# |
|t Ngữ âm
|g Số 14, 2002, tr.61-70
|
| 920 |
# |
# |
|a Phòng Tạp chí -- Trung tâm Thông tin - Thư viện Trường Đại học Đà Lạt
|
| 933 |
# |
# |
|a CT, TN
|
| 994 |
# |
# |
|a DLU
|
| 900 |
# |
# |
|a True
|
| 911 |
# |
# |
|a Nguyễn Thị Yên
|
| 925 |
# |
# |
|a G
|
| 926 |
# |
# |
|a A
|
| 927 |
# |
# |
|a BB
|
| 980 |
# |
# |
|a Thư viện Trường Đại học Đà Lạt
|